Sri Lanka: (Record no. 3788)

MARC details
000 -LEADER
fixed length control field 00452nam a2200145 4500
008 - FIXED-LENGTH DATA ELEMENTS--GENERAL INFORMATION
fixed length control field 231006b |||||||| |||| 00| 0 eng d
020 ## - ISBN
ISBN 8272881489
082 ## - DEWEY DECIMAL CLASSIFICATION NUMBER
Classification number 303.6
Item number JAY
942 ## - ADDED ENTRY ELEMENTS (KOHA)
Item Type Reports
100 ## - MAIN ENTRY--PERSONAL NAME
Personal Name Jayaweera, Neville
245 ## - TITLE STATEMENT
Title Sri Lanka:
Sub Title Towards a multi-ethnic democracy? Report from a fact-finding mission
260 ## - PUBLICATION, DISTRIBUTION, ETC. (IMPRINT)
Place of Publication Oslo:
Name of Publisher International peace research institute,
Date of Copyright 1991
300 ## - PHYSICAL DESCRIPTION
Extent xvi, 176 p.
650 ## - SUBJECT ADDED ENTRY--TOPICAL TERM
Topical Term MULTI ETHNICITY-Sri Lanka
Holdings
Withdrawn status Lost status Source of classification or shelving scheme Damaged status Not for loan Permanent location Current location Date acquired Total Checkouts Full call number Barcode Date last seen Price effective from Koha item type
    Dewey Decimal Classification     Resource center, Muslim Women's Research And Action Forum Resource center, Muslim Women's Research And Action Forum 2023-10-06   303.6 JAY RAF1615 2023-10-06 2023-10-06 Reports

Copyright © 2023 Muslim Women's Research and Action Forum (MWRAF), No 27/3, Anderson Road, Kalubowila, Dehiwela. Funded by The Asia Fundation